Score 0/300 Timer 20:00
3 Plays Today
Estimated total Name % Correct
3,928,754John
96.5%
4,085,365James
89.5%
4,380,842Michael
89.2%
2,957,499William
87.1%
3,805,361Robert
84.9%
3,377,191David
84.9%
1,294,590Mark
82.5%
1,918,920Thomas
82%
1,778,153Matthew
81.7%
1,140,063Paul
81.1%
850,476George
80.7%
76,078Dan
80%
198,556Steve
79.9%
133,417Chris
79.8%
496,349Peter
79.5%
543,926Jose
79.4%
96,261Tom
79.2%
113,134Bill
78.6%
1,909,873Daniel
78.2%
2,131,196Richard
77.6%
1,259,145Andrew
77.3%
171,184Jon
77.3%
436,876Jack
77.1%
303,953Joe
77%
2,316,194Christopher
76.4%
115,114Jim
75.9%
2,112,928Joseph
75.5%
834,278Stephen
75%
1,294,253Steven
74.1%
538,194Frank
74.1%
164,237Mike
73.8%
128,527Andre
73.3%
1,707,283Charles
72.6%
246,659Alex
72.1%
200,129Harry
71.2%
1,305,642Brian
70.4%
661,259Benjamin
70%
200,946Luke
69.7%
872,629Edward
69.5%
603,038Samuel
69.4%
1,066,968Timothy
69.1%
1,218,511Kevin
68.9%
586,007Alexander
67.8%
661,320Adam
67.7%
176,837Fred
66.2%
125,527Don
66.2%
1,350,464Anthony
66%
366,017Henry
65.6%
897,428Jonathan
65.4%
349,300Carl
64.6%
108,373Jeff
64.2%
845,211Jacob
64%
89,180Brad
63.9%
1,030,257Ryan
63.6%
1,068,896Donald
63.5%
265,001Jimmy
63.4%
963,740Eric
63.3%
897,723Nicholas
63.3%
1,291,460Jason
63%
709,315Gregory
62.3%
696,579Patrick
61.7%
1,334,220Joshua
61.5%
450,445Sean
61.3%
956,851Ronald
61.3%
89,219Charlie
60.6%
79,626Andy
60.6%
608,828Aaron
60.6%
528,751Nathan
60.2%
146,400Marc
60.1%
313,152Billy
59.4%
552,909Zachary
59.2%
705,446Larry
58.3%
275,141Bobby
58%
870,469Justin
57.8%
224,795Tony
57%
314,167Alan
56.9%
104,997Jake
56.5%
407,594Bryan
56.5%
304,042Harold
56%
523,401Kyle
55.6%
296,650Phillip
55.5%
529,167Jerry
55.5%
1,081,650Kenneth
55.1%
159,569Tommy
54.7%
826,804Gary
54.6%
1,020,363Jeffrey
54.5%
95,299Leo
54.4%
269,014Danny
54.4%
350,132Shawn
54.4%
316,643Bradley
54.4%
820,922Scott
54.1%
221,887Allen
53.4%
248,641Marcus
53.1%
863,198Brandon
53.1%
283,797Johnny
52.9%
251,581Martin
52.5%
607,828Tyler
52.4%
273,935Albert
52.4%
241,338Louis
51.8%
161,880Francis
51.8%
Estimated total Name % Correct
169,168Lucas
51.5%
338,565Juan
51.1%
186,541Frederick
51%
209,474Jesus
50.9%
268,652Victor
50.9%
151,885Jackson
50.8%
108,618Leon
50.7%
210,549Ian
50.5%
279,019Vincent
50.3%
284,181Philip
50%
488,621Jeremy
50%
329,510Lawrence
49.6%
167,351Eddie
49.4%
133,126Ray
49.4%
347,569Gerald
49%
187,297Leonard
48.7%
364,892Christian
48.6%
168,192Jay
48.1%
342,676Walter
48.1%
343,649Jordan
47.5%
241,963Evan
47.4%
424,228Keith
47.3%
300,179Arthur
47.1%
149,172Theodore
47.1%
324,366Ethan
45.8%
536,739Raymond
45.6%
543,886Dennis
45.2%
203,692Isaac
45.1%
321,327Bruce
44.7%
281,282Carlos
44.4%
109,335Taylor
44.3%
234,956Nathaniel
44.1%
160,844Erik
44%
253,170Derek
44%
170,059Barry
43.8%
200,229Ricky
43.4%
76,098Drew
43.3%
110,982Franklin
43.3%
76,267Allan
42.4%
105,367Jamie
42.3%
513,999Douglas
42.2%
394,412Terry
42%
197,473Howard
41.6%
287,428Wayne
41.2%
102,312Max
41.2%
261,224Noah
41.1%
305,439Randy
40.9%
177,903Lee
40.8%
91,361Lewis
40.8%
381,647Roger
40.8%
295,287Craig
40.4%
87,069Karl
40.2%
161,886Mitchell
40.1%
82,159Liam
39.8%
239,245Cameron
39.5%
377,029Jesse
38.9%
192,080Stanley
38.9%
166,908Connor
38.8%
387,232Austin
38.7%
176,111Brett
38.7%
134,476Alfred
38.6%
304,355Dylan
38.4%
143,203Oscar
38.4%
305,229Chad
38%
123,415Colin
37.2%
142,516Dean
37.2%
287,040Willie
37%
93,677Brendan
36.9%
112,621Owen
36.9%
95,787Johnathan
36.6%
234,301Antonio
36.4%
156,892Calvin
36.4%
105,672Grant
36.4%
168,288Seth
36.3%
104,000Xavier
36.3%
92,371Neil
35.2%
272,403Russell
35.1%
255,764Joel
34.9%
152,379Jeremiah
34.5%
85,264Kurt
34.5%
262,978Roy
34.5%
236,465Jeffery
34.5%
153,503Brent
34.5%
100,903Ivan
34.5%
166,529Miguel
34.4%
155,241Derrick
34.3%
181,050Marvin
34.3%
117,708Aiden
34.3%
192,807Corey
34.1%
205,767Shane
34.1%
240,316Ralph
34%
159,441Trevor
33.9%
89,588Glen
33.9%
164,364Edwin
33.8%
216,866Jared
33.6%
279,166Gabriel
33.3%
341,825Travis
33.2%
140,765Cory
33.2%
335,955Todd
33%
101,904Darren
33%
Estimated total Name % Correct
229,388Curtis
32.9%
157,959Blake
32.9%
230,506Caleb
32.8%
297,396Cody
32.8%
142,050Julian
32.8%
253,960Dustin
32.7%
119,695Warren
32.7%
182,365Hunter
32.5%
152,766Mason
32.3%
155,737Norman
32%
191,060Elijah
31.9%
103,240Alvin
31.9%
170,918Wesley
31.9%
189,372Randall
31.8%
241,384Logan
31.7%
167,093Ronnie
31.7%
75,152Ross
31.6%
155,729Isaiah
31.5%
87,706Carter
31.4%
76,241Dwayne
31.2%
107,409Roberto
31%
258,633Luis
31%
125,537Jorge
30.9%
118,417Cole
30.7%
188,577Glenn
30.3%
82,203Pedro
30.3%
105,087Lance
30.2%
155,551Manuel
30.2%
107,269Edgar
30%
111,800Herbert
29.9%
91,291Gene
29.6%
144,448Chase
29.4%
232,879Eugene
29.3%
140,005Mario
29.2%
183,634Ernest
29.2%
164,067Melvin
29.1%
103,450Gordon
29.1%
120,599Bernard
28.9%
221,067Troy
28.8%
199,065Adrian
28.8%
158,890Earl
28.5%
156,919Devin
28.4%
134,242Gavin
28.3%
90,699Aidan
28.3%
141,956Ricardo
28.2%
77,658Jessie
28%
127,722Garrett
28%
149,691Micheal
27.9%
75,095Nicolas
27.6%
194,075Angel
27.4%
219,743Dale
27.4%
79,788Mathew
27.2%
127,923Jerome
26.9%
123,770Dominic
26.7%
96,869Darryl
26.2%
93,214Lloyd
25.8%
98,030Bryce
25.5%
127,383Jayden
25.3%
76,195Brady
25.2%
123,495Casey
25.1%
77,753Leslie
24.3%
120,671Alejandro
24.1%
92,095Wyatt
24.1%
223,174Rodney
24.1%
146,051Darrell
23.8%
77,782Kelly
23.6%
102,136Eduardo
23.6%
106,901Spencer
23.5%
104,021Reginald
23.4%
92,646Javier
23.4%
104,219Maurice
23.4%
102,844Landon
23%
83,943Clinton
22.9%
87,808Omar
22.8%
97,901Duane
22.7%
123,781Clifford
22.7%
80,435Sebastian
22.7%
122,980Leroy
22.6%
113,129Clayton
22.6%
83,325Floyd
22.6%
81,622Jimmie
22.4%
147,992Clarence
22.2%
74,848Clyde
22.1%
90,164Levi
22%
126,768Francisco
21.6%
80,905Colton
21.2%
84,205Diego
21.2%
80,104Tristan
21.1%
89,837Fernando
21%
92,659Gilbert
20.9%
89,563Preston
20.6%
74,803Lonnie
20.2%
91,164Vernon
20.2%
96,994Hector
19%
79,668Tyrone
18.9%
80,823Raul
18.7%
81,875Tanner
18%
74,877Sergio
16.8%
79,592Dakota
15.8%
104,434Ruben
14.8%
Remove Ads.
Support Sporcle.
Get the best of Sporcle when you Go Orange. This ad-free experience offers more features, more stats, and more fun while also helping to support Sporcle. Thank you for becoming a member.

You're not logged in!

Compare scores with friends on all Sporcle quizzes.
OR
Log In

Sporcle TV

Today on Sporcle TV


Watch our educational content, quiz creation guides, and fun videos on Sporcle TV.

Show Comments

Extras

Top Quizzes Today


Score Distribution

Paid Content

Your Account Isn't Verified!

In order to create a playlist on Sporcle, you need to verify the email address you used during registration. Go to your Sporcle Settings to finish the process.

Report this User

Report this user for behavior that violates our Community Guidelines.

Details: